| 000 | 01353cam a2200217 4500500 | ||
|---|---|---|---|
| 005 | 20260329012312.0 | ||
| 041 | _afre | ||
| 042 | _adc | ||
| 100 | 1 | 0 |
_aLeclerc, Christian _eauthor |
| 245 | 0 | 0 | _aL'espace et la règle : ethnographie d'un Point rencontre |
| 260 | _c2005. | ||
| 500 | _a77 | ||
| 520 | _aVoir épisodiquement son enfant dans le cadre d’un espace rencontre, c’est accepter la règle posée par le juge qui énonce que l’intimité familiale de la relation parent-enfant s’exposera en un lieu public. Cette étude, menée auprès de parents détenteurs d’un droit de visite, tente de rendre compte de la manière dont ils gèrent ce hiatus, de la nécessité pour eux, voire pour leurs enfants, de ritualiser ce passage de seuil dont l’intensité émotionnelle peut être éprouvante. Nous verrons ainsi se détacher quelques traits caractérisant, à un moment ou à un autre de leur parcours, l’attitude de ces parents : la convivialité, l’indépendance ou la démonstration anxieuse. | ||
| 690 | _adroit de visite | ||
| 690 | _aRencontres parents-enfants | ||
| 690 | _arite de passage | ||
| 690 | _asacré | ||
| 690 | _aterritoire | ||
| 786 | 0 | _nDialogue | 167 | 1 | 2005-03-01 | p. 105-119 | 0242-8962 | |
| 856 | 4 | 1 | _uhttps://shs.cairn.info/revue-dialogue-2005-1-page-105?lang=fr&redirect-ssocas=7080 |
| 999 |
_c1869768 _d1869768 |
||